| 000 | 00669nam a2200181 a 4500 | ||
|---|---|---|---|
| 001 | 000004744 | ||
| 005 | 20200929151508.0 | ||
| 008 | 090725s1979 dr a r 000 0 spa d | ||
| 040 | _aDO-SdBNP | ||
| 082 |
_axxx _bR666m |
||
| 100 | 1 |
_aRobiou Lamarche, Sebastián _99669 |
|
| 245 | 1 | 0 |
_aManifiesto ovni de Puerto Rico, Santo Domingo y Cuba / _cSebastián Robiou Lamarche ; J. Allen Hynek, prólogo. |
| 260 |
_aSan Juan, Puerto Rico : _bEditorial Punto y Coma, _c1979 _eSanto Domingo _fAlfa y Omega |
||
| 300 |
_a526 p. : _bil. ; _c23 cm. |
||
| 500 | _aIncluye datos biográficos del autor en la contracubierta | ||
| 700 | 1 |
_aHynek, J. Allen, _epról. _913795 |
|
| 149 | _aBNPD | ||
| 999 |
_c4550 _d4550 |
||